Normal view
MARC view
- Khan, Muhammad Moinuddin , Syed, M.H. Dr
Entry Personal Name
001 - CONTROL NUMBER
- control field: 68604
003 - CONTROL NUMBER IDENTIFIER
- control field: NUST
005 - DATE AND TIME OF LATEST TRANSACTION
- control field: 20210628204056.0
008 - FIXED-LENGTH DATA ELEMENTS
- fixed length control field: 210628|| aca||aabn | a|a d
040 ## - CATALOGING SOURCE
- Original cataloging agency: NUST
- Transcribing agency: NUST
100 ## - HEADING--PERSONAL NAME
- Personal name: Khan, Muhammad Moinuddin , Syed, M.H. Dr
670 ## - SOURCE DATA FOUND
- Source citation: Work cat.: (NUST): Khan, Muhammad Moinuddin , Syed, M.H. Dr, Banking in islam, 2010
